Türkiye'nin En Kalabalık 25 İlçesi - Statistics

General Stats
  • This quiz has been taken 42 times
  • The average score is 13 of 25
Answer Stats
Şehir İlçe Nüfus % Correct
Ankara Çankaya 952.198
90%
İstanbul Esenyurt 1.003.905
85%
Bursa Nilüfer 578.059
72%
Ankara Keçiören 931.722
67%
Ankara Mamak 690.329
64%
Adana Seyhan 782.204
64%
İstanbul Bağcılar 707.635
62%
Bursa Osmangazi 886.111
62%
Ankara Etimesgut 632.458
56%
İstanbul Pendik 752.033
54%
İstanbul Ümraniye 728.913
54%
İzmir Buca 520.941
51%
Gaziantep Şehitkamil 905.880
51%
Ankara Yenimahalle 721.531
51%
Gaziantep Şahinbey 957.792
49%
İstanbul Küçükçekmece 785.270
44%
Ankara Sincan 605.366
44%
İstanbul Maltepe 525.044
38%
İstanbul Başakşehir 536.797
36%
Bursa Yıldırım 654.589
36%
İstanbul Bahçelievler 539.035
33%
Konya Selçuklu 703.449
33%
İstanbul Sultangazi 529.306
33%
Kayseri Melikgazi 593.262
28%
Antalya Kepez 649.102
26%
No matching quizzes found
Score Distribution
Percent of People with Each Score
Percentile by Number Answered
Your Score History
You have not taken this quiz